Acerca de la edad de oro
Gespeichert in:
| 1. Verfasser: | |
|---|---|
| Weitere Verfasser: | |
| Format: | Unbekannt |
| Veröffentlicht: |
La Habana, Cuba
Editorial Letras Cubanas
1980
|
| Schriftenreihe: | Colección de Estudios Martianos
|
| Schlagworte: | |
| Tags: |
Tag hinzufügen
Keine Tags, Fügen Sie den ersten Tag hinzu!
|
MARC
| LEADER | 000000000a22000000004500 | ||
|---|---|---|---|
| 001 | 002199 | ||
| 092 | 0 | |a Cu864.2D M378a | |
| 700 | 1 | 2 | |a Arias, Salvador |e seleccionador |
| 100 | 1 | |a Martí, José |d 1853-1895 | |
| 245 | 1 | 0 | |a Acerca de la edad de oro |
| 260 | |a La Habana, Cuba |b Editorial Letras Cubanas |c 1980 | ||
| 300 | |a 400 páginas | ||
| 440 | |a Colección de Estudios Martianos | ||
| 500 | |a La Biblioteca contiene ejemplares con número de inscripcion 14203 y 01595 | ||
| 650 | 4 | |a MARTI, JOSE, 1853-1895 | |
| 650 | 4 | |a CRITICA | |
| 650 | 4 | |a INTERPRETACION | |
| 999 | |c 3065 |d 3065 | ||
